000 00618cam a22002053a 4500
001 44960
003 PGUSA
005 20140828084027.0
008 140218s2014||||xxu|||||s|||||000 | eng d
040 _aPGUSA
_beng
042 _adc
100 1 _aFleury, Maurice
245 1 0 _aAngélique de Mackau, Marquise de Bombelles :
_bet la Cour de Madame Élisabeth
_h[electronic resource] /
_cMaurice Fleury
260 _bProject Gutenberg,
_c2014
506 _aPublic domain in the USA.
516 _aElectronic text
830 0 _aProject Gutenberg
_v44960
856 4 0 _uhttp://www.gutenberg.org/ebooks/44960
942 _cEB
999 _c274211
_d274211